एपीसी डाइजेस्ट हिंदी केन्द्रिक (कोर): (Record no. 49409)
[ view plain ]
| 000 -LEADER | |
|---|---|
| fixed length control field | 01299nam a22003017a 4500 |
| 005 - DATE AND TIME OF LATEST TRANSACTION | |
| control field | 20101206113148.0 |
| 008 - FIXED-LENGTH DATA ELEMENTS--GENERAL INFORMATION | |
| fixed length control field | 101206t xxu||||| |||| 00| 0 hin d |
| 010 ## - LCCN (DPL NO) | |
| LC control number | HIN-91365 |
| 020 ## - INTERNATIONAL STANDARD BOOK NUMBER | |
| Terms of availability | 180.00 |
| International Standard Book Number | 8170640830 |
| 035 ## - SYSTEM CONTROL NUMBER | |
| System control number | HN-63711 |
| 037 ## - SOURCE OF ACQUISITION | |
| Source of stock number/acquisition | DBAD/PUB |
| 040 ## - CATALOGING SOURCE | |
| Original cataloging agency | DPL |
| Language of cataloging | HN |
| 082 ## - DEWEY DECIMAL CLASSIFICATION NUMBER | |
| Classification number | 420 |
| 100 ## - MAIN ENTRY--PERSONAL NAME | |
| 9 (RLIN) | 24598 |
| 245 ## - TITLE STATEMENT | |
| Title | एपीसी डाइजेस्ट हिंदी केन्द्रिक (कोर): |
| Remainder of title | ग्यारहवीं कक्षा के लिए / |
| 246 ## - VARYING FORM OF TITLE | |
| Title proper/short title | apc digest hindi kendrik (core) |
| 250 ## - EDITION STATEMENT | |
| Edition statement | 2रा संस्क |
| 260 ## - PUBLICATION, DISTRIBUTION, ETC. (IMPRINT) | |
| Place of publication, distribution, etc | नई दिल्ली |
| Name of publisher, distributor, etc | आर्य पब्लिशिंग हाउस |
| Date of publication, distribution, etc | 2009 |
| 270 ## - ADDRESS | |
| City | नई दिल्ली |
| Address | 1569/30, नाईवाला, करोल बाग |
| Postal code | 110005 |
| Telephone number | 011- 28752745 |
| Fax number | 011- 2875921 |
| 300 ## - PHYSICAL DESCRIPTION | |
| Extent | वि.पृ. |
| Dimensions | 24सेमी (अजिल्द) |
| 500 ## - GENERAL NOTE | |
| General note | प्रश्नोत्तर शैली में |
| 500 ## - GENERAL NOTE | |
| General note | इस पुस्तक मे भाग-1,2,3 |
| 650 ## - SUBJECT ADDED ENTRY--TOPICAL TERM | |
| 9 (RLIN) | 1169 |
| 700 ## - ADDED ENTRY--PERSONAL NAME | |
| 9 (RLIN) | 24599 |
| 700 ## - ADDED ENTRY--PERSONAL NAME | |
| 9 (RLIN) | 24924 |
| 942 ## - ADDED ENTRY ELEMENTS (KOHA) | |
| Source of classification or shelving scheme | Dewey Decimal Classification |
| Item type | Hindi Books |
| Call number suffix | 420एपीसी |
| Withdrawn status | Lost status | Source of classification or shelving scheme | Damaged status | Not for loan | Collection code | Home library | Current library | Date acquired | Source of acquisition | Cost, normal purchase price | Total Checkouts | Full call number | Barcode | Date last seen | Copy number | Cost, replacement price | Koha item type |
|---|---|---|---|---|---|---|---|---|---|---|---|---|---|---|---|---|---|
| Dewey Decimal Classification | Not For Loan | Non-fiction | D.B.Act.Division | D.B.Act.Division | 22/12/2010 | DBAD /PUB | 180.00 | 420एपीसी | HN-63711 | 22/12/2010 | 1 | 180.00 | Hindi Books |
